Medicinal plants of north-east India / (Record no. 28580)

MARC details
000 -LEADER
fixed length control field 00888nam a22002298a 4500
005 - DATE AND TIME OF LATEST TRANSACTION
control field 20090723122529.0
008 - FIXED-LENGTH DATA ELEMENTS--GENERAL INFORMATION
fixed length control field 090320s2009 ii b 001 0 eng
010 ## - LCCN (DPL NO)
LC control number ENG-94524
020 ## - INTERNATIONAL STANDARD BOOK NUMBER
International Standard Book Number 9788179102541
Terms of availability 600.00
035 ## - SYSTEM CONTROL NUMBER
System control number EN-78057
037 ## - SOURCE OF ACQUISITION
Source of stock number/acquisition DBAD / PUB
040 ## - CATALOGING SOURCE
Original cataloging agency dpl
Language of cataloging English
082 ## - DEWEY DECIMAL CLASSIFICATION NUMBER
Classification number 615.3210954
100 ## - MAIN ENTRY--PERSONAL NAME
Personal name Islam, M.
245 ## - TITLE STATEMENT
Title Medicinal plants of north-east India /
Statement of responsibility, etc by M. Islam
260 ## - PUBLICATION, DISTRIBUTION, ETC. (IMPRINT)
Place of publication, distribution, etc Jaipur
Name of publisher, distributor, etc Aavishkar Publishers, Distributors
Date of publication, distribution, etc 2009
270 ## - ADDRESS
Address 807, Vyas Building, Chaura Rasta,
City Jaipur
Postal code 302003
300 ## - PHYSICAL DESCRIPTION
Extent xxii, 149p.:
Dimensions 23cm(Hb)
Other physical details col. photos
500 ## - GENERAL NOTE
General note Includes references and glossary
942 ## - ADDED ENTRY ELEMENTS (KOHA)
Source of classification or shelving scheme Dewey Decimal Classification
Item type English Books
Call number suffix ISL
Classification part 615.3210954
Holdings
Withdrawn status Lost status Source of classification or shelving scheme Damaged status Not for loan Collection code Home library Current library Date acquired Source of acquisition Cost, normal purchase price Total Checkouts Full call number Barcode Date last seen Copy number Cost, replacement price Koha item type
    Dewey Decimal Classification   Not For Loan Non-fiction D.B.Act.Division D.B.Act.Division 23/07/2009 DBAD / PUB 600.00   615.3210954 ISL EN-78057 23/07/2009 1 600.00 English Books

© Delhi Public Library
Hit Counter
free hit counter